Derechos humanos y política mundial

Gespeichert in:
Bibliographische Detailangaben
1. Verfasser: Forsythe, David
Format: Text
Veröffentlicht: Buenos Aires: EUDEBA
Tags: Tag hinzufügen
Keine Tags, Fügen Sie den ersten Tag hinzu!

MARC

LEADER 00000 a a2200000 04500
001 22598
003
040
020 |a 950-23-0444-6  
090 |a 154800  
100 |a Forsythe, David  
245 |a Derechos humanos y política mundial  
260 |a Buenos Aires:   |b EUDEBA  
300 |a 283 p   |b **no definido**  
999 |c 14557  |d 14557